Rugrats Characters by Picture Quiz Stats

 Plays Quiz Updated Jun 15, 2015

Score 0/16 Timer 05:00
2 Plays Today
Character % Correct
Tommy Pickles
97.5%
Angelica Pickles
94.9%
Lil DeVille
91.2%
Phil DeVille
91%
Chuckie Finster
90.7%
Dil Pickles
83.9%
Reptar
73.7%
Stu Pickles
71.6%
Character % Correct
Susie Carmichael
61.7%
Chas Finster
51.2%
Didi Pickles
49.6%
Drew Pickles
42.3%
Betty DeVille
32.4%
Lou Pickles
29.6%
Charlotte Pickles
27.2%
Howard DeVille
26.2%

You're not logged in!

Compare scores with friends on all Sporcle quizzes.
OR
Log In

Sporcle TV

Today on Sporcle TV


Watch our educational content, quiz creation guides, and fun videos on Sporcle TV.

Show Comments

Extras

Top Quizzes Today


Score Distribution

Your Account Isn't Verified!

In order to create a playlist on Sporcle, you need to verify the email address you used during registration. Go to your Sporcle Settings to finish the process.

Report this User

Report this user for behavior that violates our Community Guidelines.

Details: